00538nam a22001575i 4500001000700000003000900007005001700016008004100033040002000074100004200094245006200136260006300198300002800261740002700289852006400316158309ES-MaACL20230906211108.0040826s1847 fr |||| | fre d aCAM bspa cCAM1 aLytton, Edward Bulwer Lytton cBaron.10aLucretia or The children of night / cby sir E.L. Bulwer. aParis : bA. and W. Galignani and cÂș, c1847 (fCrapelet) aVIII, 365 p. ; c22 cm.41aThe children of night. aES-MaACLjG-5892 z-- Enc. hol. z-- Legado M. de la Fuente